000 00390pam a2200157a 44500
008 230515b2009 xxu||||| |||| 00| 0 eng d
020 _aNULL
041 _aENGLISH
082 _a620.5/BUO
100 _aFELIX A BUOT
245 _aNONEQUILIBRIUM QUANTUN TRANSPORT PHYSICS IN NANOSYSTEMS
250 _a0
260 _aDELHI
_bWORLD BOOK INC.
_c2009
300 _aXXI-815
650 _aNULL
999 _c652776
_d652776